Ethics In Governance / (Record no. 196059)

MARC details
000 -LEADER
fixed length control field 00657nam a22002177a 4500
005 - DATE AND TIME OF LATEST TRANSACTION
control field 20230523131551.0
010 ## - LCCN (DPL NO)
LC control number ENG-136964
020 ## - INTERNATIONAL STANDARD BOOK NUMBER
International Standard Book Number 9788178440910
Terms of availability 695.00
035 ## - SYSTEM CONTROL NUMBER
System control number EN-120496
037 ## - SOURCE OF ACQUISITION
Source of stock number/acquisition DBAD/PUB
082 ## - DEWEY DECIMAL CLASSIFICATION NUMBER
Classification number 351.54
245 ## - TITLE STATEMENT
Title Ethics In Governance /
Statement of responsibility, etc Edited By T.K Mishra ;S.P Aggarwal And Bipin Kumar Tiwary
250 ## - EDITION STATEMENT
Edition statement First
260 ## - PUBLICATION, DISTRIBUTION, ETC. (IMPRINT)
Name of publisher, distributor, etc K.K Publications
Date of publication, distribution, etc 2011
Place of publication, distribution, etc New Delhi
270 ## - ADDRESS
Address 4806/24, Bharat Ram Road , Darya Ganj
City New Delhi
Postal code 110002
300 ## - PHYSICAL DESCRIPTION
Extent 288p.;
Dimensions 23cm(hbk)
700 ## - ADDED ENTRY--PERSONAL NAME
Personal name Mishra ,T.K
700 ## - ADDED ENTRY--PERSONAL NAME
Personal name Aggarwal, S.P
700 ## - ADDED ENTRY--PERSONAL NAME
Personal name Tiwary, Bipin Kumar
942 ## - ADDED ENTRY ELEMENTS (KOHA)
Source of classification or shelving scheme Dewey Decimal Classification
Item type English Books
Classification part 351.54
Call number suffix ETH
Holdings
Withdrawn status Lost status Not for loan Collection code Home library Current library Date acquired Source of acquisition Cost, normal purchase price Full call number Barcode Copy number Cost, replacement price Koha item type
      Non-fiction Ashok Vihar Ashok Vihar 23/05/2023 DBAD/PUB 695.00 351.54 ETH EN-120496 1 695.00 English Books

© Delhi Public Library
Hit Counter
free hit counter